| 000 | 00897nam a2200289Ia 4500 | ||
|---|---|---|---|
| 003 | OSt | ||
| 005 | 20221007123200.0 | ||
| 006 | a|||||r|||| 00| 0 | ||
| 007 | ta | ||
| 008 | 221006b |||||||| |||| 00| 0 eng d | ||
| 020 | _a9783662601914 (pbk) | ||
| 024 | _a201919 | ||
| 037 |
_b3053, 21/12/2021, New India Book Agency _cTextbook |
||
| 040 |
_aPAPL _cPAPL _beng |
||
| 041 |
_2eng _aeng |
||
| 082 | _aCN1, R0 Carpa | ||
| 100 |
_aPauli Wolfgang Au. _9716767 |
||
| 245 | 0 | _aGeneral principles of quantum mechanics | |
| 250 | _aFirst South Asian | ||
| 260 |
_aBerlin _bSpringer _c2020 |
||
| 300 |
_axii,212p. ill. _ccm. |
||
| 500 | _aBibliography 205-207p.; Index 209-212p. | ||
| 650 | _a Quantum mechanics | ||
| 650 | _aPhysics | ||
| 942 |
_hCN1, R0 Carpa _cTB _2CC |
||
| 999 |
_c1211493 _d1211493 |
||